00315nam a2200133Ia 4500008004000000082001600040100001800056245002400074260004300098300000800141650000900149650000700158650001600165210210b1987 xxu||||| |||| 00| 0 eng d a820.33 VIJS aVIJAYAN (O V) aSaga of Dharmakpuri aN DbPenguin Books India (P) Ltdc1987 a160 aSaga aof aDharmakpuri